Reincidencia y concurso de delitos: reiteración delictiva
Guardat en:
| Autors principals: | , , |
|---|---|
| Altres autors: | , |
| Format: | Llibre |
| Idioma: | espanyol |
| Publicat: |
Montevideo
B de f
2017
|
| Edició: | 1a. ed |
| Col·lecció: | Estudios y Debates en Derecho Penal, 12
|
| Matèries: | |
| Etiquetes: |
Afegir etiqueta
Sense etiquetes, Sigues el primer a etiquetar aquest registre!
|
MARC
| LEADER | 00000cam a2200000 a 4500 | ||
|---|---|---|---|
| 001 | UCC4733 | ||
| 003 | CL-VaPUC | ||
| 008 | 180824e20170000uy |||||||||||||||||spa|d | ||
| 020 | |a 9789974708745049 | ||
| 082 | 0 | 4 | |a 345.02 |b SAN |2 21 |
| 100 | 0 | |a Sanz Morán, Angel José |e author |9 598924 | |
| 700 | |a Sánchez Lázaro, Fernando Guanarteme |e author |9 598925 | ||
| 700 | 0 | |a Palermo, Omar |e author |9 598926 | |
| 700 | |a Mañalich Raffo, Juan Pablo |e autor |9 795628 | ||
| 700 | |a Maldonado Fuentes, Francisco |e autor |9 601371 | ||
| 245 | 1 | 0 | |a Reincidencia y concurso de delitos: reiteración delictiva |
| 250 | |a 1a. ed | ||
| 300 | |a 233 p | ||
| 942 | |c BK | ||
| 945 | |d 20180824 13:39:00 |a dcastane | ||
| 260 | |a Montevideo |b B de f |c 2017 | ||
| 650 | 7 | |a DERECHO PENAL |2 CL-VaPUC |9 11 | |
| 650 | 0 | |a CONCURSO DEL DELITO |9 358121 | |
| 650 | 0 | |a Reincidencia |9 383605 | |
| 583 | |a last modification |c 20180824 13:39:00 |k Rodrigo Vera | ||
| 490 | 0 | |a Estudios y Debates en Derecho Penal, 12 | |
| 999 | |c 372151 |d 372149 | ||
| 952 | |0 0 |1 0 |3 erb |4 0 |6 345_020000000000000_SAN_2017 |7 0 |8 A |9 489427 |a BIBDER |b BIBDER |i 5491215 |l 4 |m 1 |o 345.02 SAN 2017 |p 5491215 |r 2025-04-29 |s 2025-04-15 |w 2019-11-24 |y BK |z Catalogado en:20180824 |k DER | ||